|
|
|
|
| LEADER |
00000nab a2200000 a 4500 |
| 001 |
vtls009277908 |
| 003 |
SK-MaSNL |
| 005 |
20260318124118.0 |
| 008 |
080320c2007 xo wr p 000 c0ukr |
| 015 |
|
|
|a SNBRB2008/03
|
| 038 |
|
|
|a SVKPOCL
|
| 040 |
|
|
|a SVKPO
|b slo
|c SVKPO
|e AACR2
|
| 041 |
0 |
|
|a ukr
|
| 044 |
|
|
|a xo
|c SK
|
| 080 |
|
|
|a 327(437.6:477)
|2 2001
|
| 080 |
|
|
|a 316.022.4(=161.2)(437.6)
|2 2001
|
| 100 |
1 |
|
|a Juščenko, Viktor Andrijovyč,
|d 1954-
|4 aut
|9 234020
|
| 245 |
1 |
0 |
|a "Veľmi si cením to, čo robite"
|c Viktor Juščenko
|
| 300 |
|
|
|b Fotogr.
|
| 600 |
1 |
7 |
|a Juščenko, Viktor Andrijovyč,
|d 1954-
|2 SNKMA
|9 234020
|
| 648 |
|
7 |
|a 12.10.2007
|2 svkpocl
|9 1062879
|
| 650 |
0 |
7 |
|a Ukrajinci
|z Slovensko
|x Juščenko, Viktor
|x ukrajinský prezident
|x stretnutia
|2 svkpocl
|9 1348211
|
| 650 |
0 |
7 |
|a zahraničné návštevy
|2 svkpocl
|9 509557
|
| 651 |
|
7 |
|a Slovensko
|2 svkpocl
|9 14231
|
| 651 |
|
7 |
|a Svidník (Slovensko)
|2 svkpocl
|9 28309
|
| 651 |
|
7 |
|a Ukrajina
|2 svkpocl
|9 168045
|
| 651 |
|
7 |
|a Ukrajina
|2 snkbucl
|9 168045
|
| 773 |
0 |
|
|t Nove žyttja
|g Roč. 57, č. 43-44 (2007), s. 3
|
| 852 |
|
|
|a SVKPO
|b KIS3GCP
|
| 958 |
|
|
|a UK
|
| 958 |
|
|
|a SK
|
| 958 |
|
|
|a UA
|
| 999 |
|
|
|c 2739021
|d 2740951
|